Priority areas for national action : (Record no. 7525)

MARC details
000 -LEADER
fixed length control field 01665cam a22003854a 4500
001 - CONTROL NUMBER
control field 13142500
003 - CONTROL NUMBER IDENTIFIER
control field mut
005 - DATE AND TIME OF LATEST TRANSACTION
control field 20240606081037.0
008 - FIXED-LENGTH DATA ELEMENTS--GENERAL INFORMATION
fixed length control field 030331s2003 dcua b 000 0 eng
010 ## - LIBRARY OF CONGRESS CONTROL NUMBER
LC control number 2003266463
020 ## - INTERNATIONAL STANDARD BOOK NUMBER
International Standard Book Number 0309085438
040 ## - CATALOGING SOURCE
Original cataloging agency DLC
Transcribing agency DLC
Modifying agency DLC
042 ## - AUTHENTICATION CODE
Authentication code pcc
043 ## - GEOGRAPHIC AREA CODE
Geographic area code n-us---
050 00 - LIBRARY OF CONGRESS CALL NUMBER
Classification number RA399.A3
Item number I562 2003
082 00 - DEWEY DECIMAL CLASSIFICATION NUMBER
Classification number 362.1/0973
Edition information 21
110 2# - MAIN ENTRY--CORPORATE NAME
Corporate name or jurisdiction name as entry element Institute of Medicine (U.S.).
Subordinate unit Committee on Identifying Priority Areas for Quality Improvement.
245 10 - TITLE STATEMENT
Title Priority areas for national action :
Remainder of title transforming health care quality /
260 ## - PUBLICATION, DISTRIBUTION, ETC.
Place of publication, distribution, etc. Washington, D.C. :
Name of publisher, distributor, etc. National Academies Press,
Date of publication, distribution, etc. c2003.
300 ## - PHYSICAL DESCRIPTION
Extent xvi, 143 p. :
Other physical details ill ;
Dimensions 28 cm.
500 ## - GENERAL NOTE
General note "Quality chasm series"--Cover p. 1.
504 ## - BIBLIOGRAPHY, ETC. NOTE
Bibliography, etc. note Includes bibliographical references.
505 0# - FORMATTED CONTENTS NOTE
Formatted contents note Criteria for selection -- Priority areas for quality improvement -- Process for identifying priority areas.
530 ## - ADDITIONAL PHYSICAL FORM AVAILABLE NOTE
Additional physical form available note Also available via the World Wide Web.
650 #0 - SUBJECT ADDED ENTRY--TOPICAL TERM
Topical term or geographic name entry element Medical care
Geographic subdivision United States
General subdivision Quality control.
650 #0 - SUBJECT ADDED ENTRY--TOPICAL TERM
Topical term or geographic name entry element Medical care
Geographic subdivision United States
General subdivision Evaluation.
650 #0 - SUBJECT ADDED ENTRY--TOPICAL TERM
Topical term or geographic name entry element Health planning
Geographic subdivision United States.
650 #0 - SUBJECT ADDED ENTRY--TOPICAL TERM
Topical term or geographic name entry element Health surveys
Geographic subdivision United States.
700 1# - ADDED ENTRY--PERSONAL NAME
Personal name Adams, Karen
Fuller form of name (Karen M.)
700 1# - ADDED ENTRY--PERSONAL NAME
Personal name Corrigan, Janet.
856 40 - ELECTRONIC LOCATION AND ACCESS
Uniform Resource Identifier <a href="http://books.nap.edu/books/0309085438/html/index.html">http://books.nap.edu/books/0309085438/html/index.html</a>
906 ## - LOCAL DATA ELEMENT F, LDF (RLIN)
a 7
b cbc
c origres
d 2
e ncip
f 20
g y-gencatlg
942 ## - ADDED ENTRY ELEMENTS (KOHA)
Source of classification or shelving scheme Library of Congress Classification
Koha item type Books
Holdings
Withdrawn status Lost status Source of classification or shelving scheme Damaged status Not for loan Home library Current library Date acquired Total checkouts Full call number Barcode Date last seen Price effective from Koha item type
    Library of Congress Classification     Murang'a University of Technology Library Murang'a University of Technology Library 11/04/2017   RA399.A3 I562 2003 007676 30/08/2024 11/04/2017 Books